[Event "18th Aeroflot Open-A 2020"]
[Site "Moscow"]
[Date "2020.02.27"]
[Round "9.34"]
[White "Raja Harshit"]
[Black "Frolyanov, Dmitry"]
[Result "1/2-1/2"]
[WhiteElo "2472"]
[BlackElo "2556"]
[Annotator "TA"]
[PlyCount "90"]
[EventDate "2020.02.19"]
[EventType "swiss"]
[EventCountry "RUS"]
[SourceTitle "playchess.com"]
[Source "ChessBase"]
[SourceQuality "1"]

{[%evp 20,90,10,2,8,13,13,10,13,18,7,6,17,13,17,17,19,16,18,14,12,12,13,12,15,22,10,0,7,0,0,0,0,0,0,0,0,-28,-35,-37,-39,-39,-39,-71,-67,-75,-49,-120,-120,-120,-120,-120,-120,-120,-120,-120,-120,-120,-120,-120,-120,-120,-120,-120,-120,-120,-120,-120,-120,-120,-120,-121,-120]} 1. e4 c5 2. Nf3 Nc6 3. Bb5 g6 4. O-O Bg7 5. Re1 e5 6. Bxc6 dxc6 7. a4 Qe7 8. Na3 Nh6 9. d3 f6 10. a5 O-O 11. Nc4 Nf7 {B31: Sicilian: 2...Nc6 3 Bb5 g6.} 12. Be3 Nd8 13. h3 Ne6 {[#] The position is equal.} 14. c3 $146 ({Predecessor:} 14. Qd2 Nd4 15. Nxd4 cxd4 16. Bh6 Bxh6 17. Qxh6 Be6 18. Nd2 g5 19. Nf3 Kh8 20. h4 g4 21. Nd2 Qg7 22. Qxg7+ Kxg7 23. Ra4 {½-½ (23) Montoro,G (2200)-Bonatti,W (2515) Argentina 1994}) 14... Rd8 15. Qc2 Bd7 16. Rad1 Be8 17. b3 Bf7 18. d4 cxd4 19. cxd4 exd4 20. Nxd4 Nxd4 21. Bxd4 c5 22. Bc3 Rxd1 23. Rxd1 Rd8 24. Rxd8+ Qxd8 25. Ne3 b5 26. axb6 axb6 27. Nd5 Bxd5 28. Qd3 {[%mdl 64] Pin} f5 29. Bxg7 fxe4 30. Qc3 {[#]} e3 $1 {[%mdl 512]} 31. Bf6 (31. Qxe3 Kxg7) 31... exf2+ 32. Kxf2 Qe8 33. Qe5 {[#]} (33. Qg3 $15) 33... Qxe5 $1 $17 {Black is better.} 34. Bxe5 Bxb3 {[%mdl 4096] Endgame KB-KB} 35. Bc7 b5 36. Bb6 c4 37. Ba5 Kf7 38. Ke3 Bc2 39. Kd2 Bf5 40. h4 Ke6 41. Kc3 Ke5 42. g3 Kd5 43. Bb4 Ke4 44. Bc5 Be6 45. Bb4 Kf3 {Accuracy: White = 92%, Black = 97%.} 1/2-1/2

[Event "18th Aeroflot Open-A 2020"]
[Site "Moscow"]
[Date "2020.02.27"]
[Round "9.35"]
[White "Shubin, Kirill"]
[Black "Visakh N R"]
[Result "1-0"]
[WhiteElo "2427"]
[BlackElo "2518"]
[Annotator "TA"]
[PlyCount "109"]
[EventDate "2020.02.19"]
[EventType "swiss"]
[EventCountry "RUS"]
[SourceTitle "playchess.com"]
[Source "ChessBase"]
[SourceQuality "1"]

{[%evp 11,109,43,49,47,50,49,27,31,53,86,207,208,201,179,195,147,142,143,145,134,247,216,231,231,287,279,246,242,161,169,379,371,369,373,370,378,370,379,332,131,589,585,756,697,2245,1886,1969,1843,1989,650,652,626,652,645,629,610,610,605,599,591,569,548,545,532,512,498,441,338,441,373,459,464,464,464,464,464,463,456,464,458,470,456,463,462,462,462,467,460,456,441,433,418,791,791,768,758,29978,29979,29977,29978]} 1. e4 g6 2. d4 Bg7 3. Nf3 d6 4. Nc3 Nf6 5. Be3 O-O 6. Qd2 a6 7. Bh6 {B08: Pirc Defence: Classical System.} b5 8. Bxg7 Kxg7 9. Bd3 {White has an edge.} Bb7 10. e5 Nfd7 (10... Nh5 $16) 11. h4 $1 $18 dxe5 12. h5 $1 {[%cal Rh5g6] Black must now prevent hxg6.} Rh8 13. Be4 Bxe4 14. Nxe4 Nf6 15. h6+ {[#]} (15. dxe5 Qxd2+ 16. Nexd2 Nxh5 $11) 15... Kg8 $146 (15... Kf8 $16) ({Predecessor:} 15... Kf8 16. dxe5 Qxd2+ 17. Nexd2 Nfd7 18. e6 Nc5 19. exf7 Kxf7 20. Ng5+ Kf6 21. Nde4+ Nxe4 22. Nxe4+ Ke5 23. Nc5 Rd8 24. O-O Kf6 25. Rae1 Nd7 26. Ne6 Nf8 27. Nxd8 {1-0 (27) McLeod,S (1980)-Perruchoud,F (1794) IECG email 2001}) 16. Nxf6+ $1 ({Don't take} 16. dxe5 $6 Qxd2+ 17. Nexd2 Nd5 $16) 16... exf6 17. Qe3 $1 ({Less strong is} 17. dxe5 Qxd2+ 18. Kxd2 fxe5 $14) 17... exd4 18. O-O-O c5 {[#]} 19. Qe4 $1 {[%cal Re4a8]} Ra7 {[#]} 20. b4 $1 $40 {[%mdl 640] White attacks with force.} Re7 $2 ({But not} 20... cxb4 $2 21. Rhe1 $18) (20... Nd7 {was called for.}) 21. Qf4 Rd7 22. bxc5 {[%cal Rf3d4]} Nc6 23. Rhe1 {Qxf6! would kill now.} Kf8 24. Rd2 {And now Rde2 would win.} g5 25. Qg4 $2 (25. Qe4 $18 {and the rest is easy.} Rd5 26. Rde2) 25... d3 $2 {[%mdl 8192] Loses the game.} (25... Rg8 $16 {is tougher.}) 26. Qe4 Ne7 27. Re3 dxc2 28. Red3 Rxd3 29. Rxd3 {[%cal Rd3d8]} Qe8 30. Qb7 (30. Qd4 $142 Rg8 31. Qxf6 {[%mdl 64] Double Attack}) 30... g4 31. Qc7 {White wants to mate with Rd8!} gxf3 {[#]} 32. Rd8 $1 {[%mdl 512] Threatening mate with Qd7.} fxg2 33. Rxe8+ Kxe8 {[%mdl 4096] Endgame KQ-KRN} 34. Qb8+ Kd7 35. Qb7+ Ke6 36. Qxg2 f5 37. Qg3 {[%csl Gc5][%cal Rg3d6]} Rd8 38. Qe3+ Kf6 39. Kxc2 Nc6 40. Qc3+ Rd4 41. Qg3 Ke6 42. Qg8 Rc4+ 43. Kd1 Rxc5 44. Qxh7 Rd5+ 45. Ke1 Rd8 46. Qg7 Ne5 47. h7 Ng6 48. Qc3 Rh8 49. Qc6+ Ke5 50. Qxa6 Rxh7 51. Qxb5+ Ke4 (51... Kd6 $142 52. Qxf5 Rh4 53. Qf6+ Kc5 54. Qxf7 Re4+ 55. Kf1 Ne7) 52. a4 Ne5 53. Ke2 Rh6 54. Qb4+ Kd5 55. Qd2+ {[%mdl 64] Double Attack. Accuracy: White = 85%, Black = 53%.} 1-0

[Event "18th Aeroflot Open-A 2020"]
[Site "Moscow"]
[Date "2020.02.27"]
[Round "9.36"]
[White "Zanan, Evgeny"]
[Black "Radovanovic, Mihajlo"]
[Result "1-0"]
[WhiteElo "2500"]
[BlackElo "2458"]
[Annotator "TA"]
[PlyCount "59"]
[EventDate "2020.02.19"]
[EventType "swiss"]
[EventCountry "RUS"]
[SourceTitle "playchess.com"]
[Source "ChessBase"]
[SourceQuality "1"]

{[%evp 12,59,-16,-27,14,12,29,33,22,22,11,0,0,0,0,0,0,0,0,0,0,0,0,0,83,84,89,86,77,64,70,70,75,75,218,112,203,187,221,49,39,39,59,42,299,286,291,292,416,383]} 1. d4 Nf6 2. c4 d6 3. Nc3 e5 4. g3 exd4 5. Qxd4 Nc6 6. Qd2 Be6 7. e4 g6 {A21: English Opening: 1...e5 2 Nc3.} 8. b3 Bg7 {...Nxe4! is the strong threat.} 9. Bg2 a5 {White is slightly better.} 10. Bb2 {[#]} a4 $1 {[%mdl 512]} 11. Nxa4 (11. bxa4 Ne5) 11... Bxc4 $1 12. Ne2 O-O 13. O-O Re8 14. Nac3 {[#]} Ba6 $146 ({Predecessor:} 14... Bxe2 15. Qxe2 Nd4 16. Qd2 c5 17. Rfe1 b5 18. Ne2 Nxe4 19. Bxe4 Rxe4 20. Nxd4 Rxd4 21. Bxd4 Bxd4 {1-0 (41) Enchev,I (2362)-Brankov,K (2307) Borovetz 2008}) 15. Rfd1 Ne5 16. Qc2 c6 17. h3 d5 (17... h5 $11) 18. exd5 $16 cxd5 19. Nxd5 {Strongly threatening Nc7.} Rc8 20. Nec3 Nxd5 21. Rxd5 Qf6 {With the idea ...Nf3+.} 22. Qd1 $1 h5 (22... Nd3 $16 23. Rxd3 Bxd3 24. Qxd3 Red8) 23. Na4 (23. Ne4 $1 $18 {[%cal Re4f6]} Nf3+ {[%mdl 64] Discovered Attack} 24. Bxf3 Qxb2 25. Rb1 Qxa2 26. Rd2 (26. Nd6 Be2 $11)) 23... b5 {[#]} (23... Qf5 $16) 24. Nc5 $1 $18 {Hoping for Bxe5.} h4 25. Nd3 $2 (25. b4 $18) 25... hxg3 $14 26. Rxe5 $1 ({But not} 26. fxg3 Qb6+ 27. Nf2 Ng4 $11) 26... gxf2+ 27. Kh1 {Black must now prevent Rxe8+.} Rxe5 $4 {[%mdl 8192]} (27... f1=R+ $14 28. Qxf1 Qxf1+ 29. Rxf1 Bxe5 30. Nxe5 Rc2) 28. Bxe5 $18 ({Inferior is} 28. Nxe5 b4 $15) 28... Qf5 {[#]} 29. Bxg7 $1 Bb7 (29... Kxg7 $142 30. Qd2 b4 31. Nxf2 Rc2 32. Qd4+ Qf6 33. Qxf6+ Kxf6) 30. Nxf2 $1 {Accuracy: White = 79%, Black = 56%.} 1-0

[Event "18th Aeroflot Open-A 2020"]
[Site "Moscow"]
[Date "2020.02.27"]
[Round "9.37"]
[White "Aditya Mittal"]
[Black "Kozak, Adam"]
[Result "1/2-1/2"]
[WhiteElo "2427"]
[BlackElo "2523"]
[Annotator "TA"]
[PlyCount "85"]
[EventDate "2020.02.19"]
[EventType "swiss"]
[EventCountry "RUS"]
[SourceTitle "playchess.com"]
[Source "ChessBase"]
[SourceQuality "1"]

{[%evp 21,85,16,18,20,23,14,25,11,35,29,46,46,33,33,39,39,135,127,131,132,130,124,129,22,22,35,39,33,22,0,0,-92,247,195,405,404,443,377,384,382,396,367,821,369,356,202,357,94,226,225,230,64,78,39,39,11,8,8,8,8,11,6,7,13,18,0]} 1. d4 Nf6 2. c4 e6 3. Nc3 d5 4. cxd5 exd5 5. Bg5 Nbd7 6. e3 c6 7. Bd3 Be7 8. Nge2 h6 9. Bh4 Nh5 10. Bxe7 Qxe7 11. Qc2 {11.Qd2 is the modern continuation.} Nb6 12. O-O {D36: Queen's Gambit Declined: Exchange Variation: Main line (5 Bg5 c6 6 Qc2).} O-O 13. Rae1 Bd7 14. Nc1 {White has an edge.} Rae8 15. Nb3 Nc8 16. Nc5 Nd6 {[#]} 17. Qd1 $146 ({Predecessor:} 17. Qa4 Bc8 18. Qxa7 Qg5 19. Kh1 f5 20. Be2 f4 21. Bxh5 Qxh5 22. exf4 Bh3 23. f3 Rxe1 24. Rxe1 {½-½ (41) Schneider,S (2365)-Cederstam Barsk,C (2317) Sweden 2019}) 17... Nf6 18. f3 b6 (18... Nh5 $14) 19. Nxd7 $16 Qxd7 20. e4 dxe4 21. fxe4 {And now e5 would win.} Nc8 22. Bb1 (22. Bc2 $1 $16) 22... c5 $1 $11 23. Rxf6 gxf6 24. Nd5 $36 {[%mdl 2048] White fights for an advantage.} Kg7 $1 25. Re3 {White threatens Rg3+ and mate.} Ne7 26. h4 (26. Rg3+ $11 Ng6 27. dxc5) 26... Rh8 $2 {[%mdl 8192]} ({Don't blunder} 26... Nxd5 $2 27. Rg3+ Kh7 28. exd5+ f5 29. Qg4 $1 $18 {[%mdl 512]}) (26... Qd6 $1 $17 {stays on course.} 27. Qg4+ Kh8) 27. Rg3+ $18 Ng6 $2 (27... Kf8) 28. h5 {[%mdl 64] Pin} Qd6 29. Qf3 cxd4 30. hxg6 Re5 31. Nf4 Rc8 $2 (31... d3 32. Bxd3 Rc8 33. gxf7+ Rg5) 32. gxf7+ (32. Qb3 $142 Qe7 33. gxf7+ Rg5 34. Ne6+ {[%mdl 64] Pin} Kh8 35. Rxg5 fxg5 36. Qf3 Qxe6 37. f8=Q+ Rxf8 38. Qxf8+ Qg8 39. Qxh6+ Qh7 40. Qxg5) 32... Rg5 {intending ...Rc1+.} 33. Rxg5+ (33. Bd3 $142) 33... hxg5 $2 {[#]} (33... fxg5 34. Ne2 Qf6) 34. Nd3 $2 (34. Ng6 $1 $18 {[%mdl 512] is the precise move to win.}) 34... Rf8 (34... Kxf7 $16 35. e5 (35. Qh3 Qe6 $16) 35... Qe6) 35. e5 $1 {[%cal Re5d6]} Qe6 36. exf6+ $2 ({White should try} 36. Bc2 $18) 36... Qxf6 $14 37. Qe4 {Threatens to win with Nf4!} Rxf7 38. Ne5 Qf1+ {The position is equal.} 39. Kh2 {Qg6+ is the strong threat.} Qf4+ 40. Qxf4 $1 Rxf4 41. Kg3 Rf1 42. Bc2 Kf6 43. Nf3 {White really could win this. Accuracy: White = 56%, Black = 60%.} 1/2-1/2

[Event "18th Aeroflot Open-A 2020"]
[Site "Moscow"]
[Date "2020.02.27"]
[Round "9.38"]
[White "Buksa, Nataliya"]
[Black "Lobanov, Sergei"]
[Result "0-1"]
[WhiteElo "2403"]
[BlackElo "2507"]
[Annotator "TA"]
[PlyCount "80"]
[EventDate "2020.02.19"]
[EventType "swiss"]
[EventCountry "RUS"]
[SourceTitle "playchess.com"]
[Source "ChessBase"]
[SourceQuality "1"]

{[%evp 14,80,20,21,32,25,41,40,45,40,31,15,38,36,33,31,61,72,74,29,64,75,181,179,176,55,80,56,91,79,106,0,0,0,0,0,0,0,0,0,0,0,4,0,0,-110,85,0,39,0,20,-33,-25,-26,-26,-631,-631,-472,-368,-1453,-1378,-1526,-754,-29993,-29990,-29990,-29991,-29991,-29985]} 1. e4 e5 2. Nf3 Nc6 3. Bc4 Nf6 4. Ng5 d5 5. exd5 Na5 6. Bb5+ c6 7. dxc6 bxc6 8. Bd3 Nd5 {C58: Two Knights: 4 Ng5 d5 5 exd5 Na5 sidelines.} 9. h4 Be7 10. Qf3 f5 {White is slightly better.} 11. Bxf5 Rf8 $1 12. Qh5+ g6 13. Bxg6+ $1 hxg6 14. Qxg6+ Kd7 15. d3 Kc7 16. Bd2 Nb7 17. Nc3 {[#]} Nb4 $146 {[#]} (17... Nf4 $16 18. Bxf4 Rxf4) ({Predecessor:} 17... Qd6 18. Qe4 Nc5 19. Qe2 Nf4 20. Bxf4 Rxf4 21. g3 Rb4 22. O-O-O Rab8 23. Nf7 Qf6 24. Qxe5+ Qxe5 25. Nxe5 {0-1 (78) Tokhirjonova,G (2379)-Monnisha,G (2295) Mumbai 2018}) 18. O-O-O $1 $18 Nc5 {[%cal Rc5d3]} 19. Nb5+ (19. Nf7 $18 Qe8 20. Nxe5) 19... Kb6 {White must now prevent ...Bf5.} 20. Bxb4 Kxb5 21. Bxc5 Bxc5 22. d4 (22. Ne4 $16 {Threatens to win with a4+!} Bf5 23. Nc3+ Kb6 24. Na4+ Kc7 25. Nxc5 Bxg6 26. Ne6+ {[%mdl 64] Double Attack} Kd6 27. Nxd8 Raxd8 28. h5) 22... exd4 $11 {Strongly threatening ...Qd5.} 23. Qd3+ Kb6 24. Ne4 Qd5 {...Bf5 is the strong threat.} 25. Nxc5 Qxc5 26. f3 Rd8 27. Qb3+ Ka5 28. g4 Ba6 29. Qf7 {[#]} (29. Rhe1 $11) 29... Qb6 $2 (29... Be2 $1 $17 {[%cal Re2d1] stays on course.} 30. Rd2 d3) 30. a3 (30. Rhe1 $16) 30... Rd5 31. Qe7 {[%mdl 1024] White has compensation.} c5 {[%cal Bc6c5,Bc5c4,Bc4c3][%mdl 32]} 32. h5 (32. Rhe1 $11) 32... Rb8 $36 {[%mdl 2048] Black is pushing.} 33. b3 {Hoping for Qe1+.} c4 34. Qe1+ $2 {[%mdl 8192]} (34. Qb4+ $11 Qxb4 35. axb4+ Kxb4 36. bxc4 Kxc4 37. Kd2) 34... c3 $19 {And now ...Qd6 would win.} 35. Qe7 Rb7 36. Qf8 $2 {[#]} (36. Qe8 Bb5 37. Qg6) 36... Bc4 $1 {[%mdl 512]} 37. h6 {[#]} (37. bxc4 Qb2#) 37... Bxb3 $1 {[%mdl 512]} 38. Rde1 (38. cxb3 Qxb3) 38... Bc4 {[%csl Gb7][%cal Rb6b1] Black mates.} 39. Qb4+ Qxb4 40. axb4+ Kxb4 {Never resign too early! Accuracy: White = 51%, Black = 64%.} 0-1

[Event "18th Aeroflot Open-A 2020"]
[Site "Moscow"]
[Date "2020.02.27"]
[Round "9.39"]
[White "Karthik Venkataraman"]
[Black "Pogosyan, Stefan"]
[Result "1-0"]
[WhiteElo "2483"]
[BlackElo "2455"]
[Annotator "TA"]
[PlyCount "49"]
[EventDate "2020.02.19"]
[EventType "swiss"]
[EventCountry "RUS"]
[SourceTitle "playchess.com"]
[Source "ChessBase"]
[SourceQuality "1"]

{[%evp 9,49,-27,-28,-33,-35,-27,-37,-48,-43,-85,-62,-88,-91,-89,-94,-93,-65,-66,-59,-75,-49,-96,-53,-91,-88,-77,-67,-66,0,0,154,152,229,220,218,290,353,336,519,514,487,376]} 1. b3 d5 2. Bb2 Bg4 3. f3 Bf5 4. e3 e6 5. d4 Nf6 6. Nc3 {A01: Nimzowitsch-Larsen Opening.} c5 7. Nge2 {[#]} Nc6 $146 ({Predecessor:} 7... h6 8. g4 Bh7 9. h4 Nc6 10. a3 cxd4 11. exd4 Nd7 12. f4 Nf6 13. g5 Ne4 {0-1 (37) Guo,A (2281)-Checa,N (2454) Irving 2017}) 8. Qd2 {Black is slightly better.} Rc8 9. a3 h5 10. Ng3 cxd4 11. exd4 Bh7 12. Bd3 Bd6 13. Bxh7 Rxh7 14. Nge2 a6 15. h4 Qc7 16. O-O-O Ne7 17. Kb1 Nf5 18. Qd3 Bg3 (18... Kf8 $15) 19. Bc1 $11 Bxh4 $2 ({Better is} 19... Rh8 $11) 20. Bf4 $16 Qc6 {[#]} (20... Qa5 $16) 21. Kb2 $1 $18 g5 22. Be5 Nd7 23. g4 Nxe5 (23... hxg4 {keeps fighting.} 24. fxg4 Nxd4) 24. dxe5 Ng3 25. Rxh4 {Accuracy: White = 71%, Black = 52%.} 1-0

[Event "18th Aeroflot Open-A 2020"]
[Site "Moscow"]
[Date "2020.02.27"]
[Round "9.40"]
[White "Makarian, Rudik"]
[Black "Gokerkan, Cem Kaan"]
[Result "1-0"]
[WhiteElo "2414"]
[BlackElo "2461"]
[Annotator "TA"]
[PlyCount "42"]
[EventDate "2020.02.19"]
[EventType "swiss"]
[EventCountry "RUS"]
[SourceTitle "playchess.com"]
[Source "ChessBase"]
[SourceQuality "1"]

{[%evp 1,1,21]} 1. d4 {A rather calm draw.} {Predecessor:} Nf6 2. c4 g6 3. g3 Bg7 4. Bg2 O-O 5. Nc3 d6 6. Nf3 {E66: King's Indian: Fianchetto: 6...c5 7 0-0 Nc6 8 d5.} Nc6 7. O-O Bg4 8. d5 Na5 9. Nd2 c5 10. Qc2 a6 11. h3 Bd7 12. b3 b5 13. Bb2 Rb8 14. Nd1 Qc8 15. Kh2 e6 16. e4 bxc4 17. bxc4 Rb4 18. Bc3 Rxc4 19. Nxc4 Nxc4 20. dxe6 fxe6 21. Rc1 e5 {1-0 (56) Grischuk,A (2777)-Nakamura,H (2736) chess.com INT 2020} 1-0

[Event "18th Aeroflot Open-A 2020"]
[Site "Moscow"]
[Date "2020.02.27"]
[Round "9.41"]
[White "Nikitenko, Mihail"]
[Black "Pranesh M"]
[Result "0-1"]
[WhiteElo "2440"]
[BlackElo "2425"]
[Annotator "TA"]
[PlyCount "42"]
[EventDate "2020.02.19"]
[EventType "swiss"]
[EventCountry "RUS"]
[SourceTitle "playchess.com"]
[Source "ChessBase"]
[SourceQuality "1"]

{[%evp 9,42,-43,-47,-40,-38,-38,-40,-35,-50,-46,-38,-53,-37,-63,-45,-47,-29,-60,-12,-25,31,0,0,4,0,8,-6,7,0,0,0,-4,56,-668,-665]} 1. c4 Nf6 2. g3 e6 3. Bg2 d5 4. Nf3 d4 5. b4 Bxb4 6. Qa4+ {A13: English Opening: 1...e6.} Nc6 7. Ne5 Rb8 8. Nxc6 {Black is slightly better.} bxc6 9. Qxa7 Rb6 $1 10. Qa4 O-O 11. O-O d3 12. e3 {[#]} Nd7 $146 ({Predecessor:} 12... Bb7 13. Bb2 Be7 14. Ba3 Nd7 15. Nc3 Bd6 16. Bxd6 cxd6 17. Rfb1 {½-½ (17) Matsenko,S (2526)-Bacallao Alonso,Y (2554) Matanzas 2017}) 13. Bb2 Nc5 14. Qd1 Ba6 (14... Qe7 $11) 15. Qg4 {[%csl Gb2][%cal Rg4g7] [#]} f6 $36 {[%mdl 2048] Black fights for an advantage.} 16. a3 Ba5 $1 17. Bd4 Qe7 18. Bxc5 Qxc5 19. Qxe6+ Kh8 20. Rc1 f5 ({Black should try} 20... Bc8 $11 21. Qe4 Bf5) 21. Nc3 $2 {[%mdl 8192] [#]} (21. Qd7 $14) 21... Bxc3 $1 {Accuracy: White = 64%, Black = 76%.} 0-1

[Event "18th Aeroflot Open-A 2020"]
[Site "Moscow"]
[Date "2020.02.27"]
[Round "9.42"]
[White "Vignesh N R"]
[Black "Sreeshwan Maralakshikari"]
[Result "1/2-1/2"]
[WhiteElo "2436"]
[BlackElo "2440"]
[Annotator "TA"]
[PlyCount "68"]
[EventDate "2020.02.19"]
[EventType "swiss"]
[EventCountry "RUS"]
[SourceTitle "playchess.com"]
[Source "ChessBase"]
[SourceQuality "1"]

{[%evp 18,68,16,10,30,30,25,21,17,18,21,23,25,18,64,0,89,0,61,56,58,34,32,32,32,30,39,28,28,28,28,28,28,28,28,21,22,22,22,0,0,0,0,0,0,0,0,0,0,0,0,0,0]} 1. e4 c6 2. d4 d5 3. Nd2 dxe4 4. Nxe4 Bf5 5. Ng3 Bg6 6. h4 h6 7. Nf3 e6 8. Ne5 Bh7 9. Bd3 Bxd3 10. Qxd3 Nd7 {B19: Classical Caro-Kann: 4...Bf5 main line.} 11. Bf4 Nxe5 12. Bxe5 Qa5+ 13. c3 Nf6 14. O-O Ng4 15. Rad1 Qd8 {[#]} 16. h5 $146 (16. Ne4 $14) ({Predecessor:} 16. Ne4 Qxh4 17. Bg3 Qh5 18. d5 Qxd5 19. Qe2 Qf5 20. Qd3 Qd5 21. Qe2 Qf5 22. Qd3 {½-½ (22) Piorun,K (2631)-Rodshtein,M (2673) Skopje 2019}) 16... Qg5 (16... Qh4 $11 17. Ne4 O-O-O) 17. Rfe1 ({White should try} 17. Ne4 $16 Qh4 18. f3 Nxe5 19. dxe5) 17... O-O-O (17... Be7 $11) 18. Qf3 $14 Nxe5 19. dxe5 Rxd1 $1 20. Rxd1 Qxe5 21. Qxf7 {[#] Intending Qe8+ and mate.} Bc5 22. Qg6 Rd8 23. Rxd8+ Kxd8 24. Ne4 Bb6 25. g3 Ke7 26. Kg2 Kf8 {The position is equal.} 27. b3 Bd8 28. f4 Qd5 29. c4 Qa5 30. Qxe6 {[#] Strongly threatening Nd6.} Qxa2+ 31. Kh3 {Threatening mate with Nd6.} Qa1 32. Qf5+ Ke7 33. Qc5+ Kf7 {And now ...Qh1+ would win.} 34. Qf5+ Ke7 {Accuracy: White = 89%, Black = 86%.} 1/2-1/2